000 00455nam a2200193Ia 4500
003 0100
008 130227s9999 xx 000 0 und d
040 _cARRUPELIB
050 _aBX3706.A2P6513 2004
100 _aPolanco, Juan Alphonso
245 _aYear by year with the early Jesuit
260 _aSt. Louis
260 _bIJS
260 _C2004
300 _axxi
300 _b 480p. 23cm.
650 _bItnatius of Loyola, St
942 _2lcc
_01
999 _c2845
_d2845